All VJBL teams (2024) - Statistics

General Stats
  • This quiz has been taken 31 times
  • The average score is 35 of 49
Answer Stats
Hint:
Team Colour
Answer % Correct
Red and Black Eltham Wildcats
100%
Yellow and purple Altona Gators
94%
Navy Blue and White Geelong United
94%
Black and green Dandenong Rangers
89%
Black Green and White Gippsland United
89%
Blue and yellow Bendigo Braves
83%
Light Blue and Dark Blue Coburg Giants
83%
Green Doncaster Panthers
83%
Red Yellow Black Melbourne Tigers
83%
Black Purple White Blue Mornington Breakers
83%
Orange Navy Blue Sandringham Sabres
83%
Teal Black Wallan Panthers
83%
Black Gold Whittlesea Pacers
83%
Emerald Green and White Craigieburn Eagles
78%
Black and Red Keilor Thunder
78%
Maroon Yellow Mckinnon Cougars
78%
Dark Grey Yellow Pakenham Warriors
78%
Green Yellow Waverley Falcons
78%
Yellow Red Blue Wyndham Devils
78%
Navy Blue and Yellow Ballarat Miners
72%
Navy Blue Light Blue and White Frankston Blues
72%
Navy Blue White and green Hawthorn Magic
72%
Black Red and White Kilsyth Cobras
72%
Yellow and Black Knox Raiders
72%
Maroon Yellow (Horse) Melton Thoroughbreds
72%
Blue Yellow (big fish) Southern Peninsula Sharks
72%
Blue and white Bellarine Storm
67%
Blue Yellow and White Bulleen Boomers
67%
Maroon and Gold Camberwell Dragons
67%
Blue yellow (bird) Chelsea Seagulls
67%
Black and Silver Collingwood All-stars
67%
White Red and Green Diamond Valley Eagles
67%
Navy Blue red and grey Keysborough Cougars
67%
Black and Yellow Kyneton Tigers
67%
Blue Red Nunawading Spectres
67%
White Blue Sunbury Jets
67%
Navy Blue Light Blue White Surfcoast Chargers
67%
Silver Black Western Port Steelers
67%
Blue Red Westgate Imperials
67%
Orange and black Blackburn Vikings
61%
Blue White and green Broadmeadows Broncos
61%
Navy blue and Grey Casey Cavaliers
61%
Green White Ringwood Hawks
61%
Red Warrandyte Venom
61%
Teal and orange Bacchus Marsh Lions
56%
Dark Blue and Light Blue Darebin Phoenix
56%
Orange and Black (cat) Korumburra Wildcats
56%
Green Yellow White Blue Macedon Ranges Rockies
39%
Yellow Green Sherbrooke Suns
39%
No matching quizzes found
Score Distribution
Percent of People with Each Score
Percentile by Number Answered
Your Score History
You have not taken this quiz